| 000 | 00867nam a22002297a 4500 | ||
|---|---|---|---|
| 001 | BRCA_9274 | ||
| 003 | FranzMayer | ||
| 005 | 20230719143144.0 | ||
| 008 | 230719b |||||||| |||| 00| 0 eng d | ||
| 040 |
_aMFM _besp _cMFM |
||
| 050 | 4 |
_aLE45 _bM87 1749 |
|
| 082 | _2BF778 | ||
| 100 | 1 |
_4Autor _aMuratori, Ludovico Antonio _qBibliotecario del Serenissimo Signor Duca di Modena _928876 |
|
| 240 | 1 | _aDella Pubblica Felicita Oggetto de Buoni Principi, Trattato | |
| 245 | 0 | _aDella Pubblica Felicita Oggetto de Buoni Principi, Trattato | |
| 260 |
_aLucca, Italia _bDuca di Modena _c1749 |
||
| 300 |
_a461 p _c19.5 cm |
||
| 505 | 0 | _aTexto en: italianoDirigido a: filósofos, psicólogos, sociólogos, Incluye índice temático | |
| 650 | 1 |
_2Filosofía _aÉtica _vValores _928877 |
|
| 651 | 2 |
_2Psicología _aEstudios psicologicos _vFelicidad _928878 |
|
| 942 |
_2lcc _cB |
||
| 999 |
_c10893 _d10893 |
||